000
00305nam a22001337a 4500
008
181009b xxu||||| |||| 00| 0 eng d
020
_a
9780324184136
041
_a
eng
080
_a
330
100
_a
58
101
_a
BIZ
245
_a
Quantitative Methods for Business
_c
Anderson,D.R
942
_2
udc
_c
BK
999
_c
49179
_d
49179